[Event "HCL-C3823"]
[Site "www.playchess.de"]
[Date "2006.01.07"]
[Round "19"]
[White "schachsky"]
[Black "Wilmy"]
[WhiteElo "1100"]
[BlackElo "1141"]
[PlyCount "104"]
[Result "0-1"]

1.e4 {Und auch hier: schöne Partie zugewünscht!}  
e5 {Danke sehr! Ihnen auch! :-))}  2.Nf3 Nc6 3.d4 
exd4 4.Nxd4 Nf6 5.Bd3 Nxd4 6.Nc3 {oops -:)}  Bb4 
7.Bd2 c5 8.Nb5 Qa5 9.Nd6+ Ke7 10.Nc4 Bxd2+ 11.Qxd2 
Qxd2+ 12.Kxd2 d6 13.Rhe1 b5 14.Ne3 c4 15.Nd5+ Nxd5 
16.exd5+ Kf6 17.c3 cxd3 18.cxd4 Bf5 19.Rac1 Rac8 
20.g4 Bg6 21.f4 h5 22.f5 Bh7 23.h3 hxg4 24.hxg4 
Kg5 25.Rxc8 Rxc8 26.Rh1 Bg8 27.Rg1 f6 28.Kxd3 Bxd5 
29.b3 Re8 30.Rc1 {was kann Ich mir hier noch 
hereinfallen lassen ? -:)}  Re7 {Ich könnte immer 
noch patzen!}  31.Rg1 {jetzt habe Ich sogar noch 
weniger Möglichkeiten -:)}  Bf3 {und vielleicht 
auch weniger Bauern.}  32.a4 {dabin Ich mir 
ziemlich sicher.Dieser (erwarteter) Zug wird die 
Partie nicht erlängern -:)}  bxa4 33.bxa4 Bxg4 
34.d5 Kxf5 35.Rg2 Re4 36.Ra2 Ke5 37.a5 Kxd5 38.Rb2 
a6 39.Rb6 Rd4+ 40.Ke3 Re4+ 41.Kd3 Be2+ 42.Kc3 Rc4+ 
43.Kd2 Re4 {no way out anymore.}  44.Rb1 {Dies 
solltest du auch gewinnen, aber Ich muss nicht 
immer das Endspiel vermeiden ....=:), dann lerne 
Ich das nie!}  Bb5 {sehr richtig! Es nennt sich 
auch: "das Schachspiel" und nicht "der 
Schachgewinn". Primär kommt es a) auf das Spielen 
an, und b) auf das Schachbieten. Dann erst c) auf 
das eigene Schachmatt-Vermeiden und d) auf das 
gegnerische Schachmatt-Setzen.
}  45.Rb3 {Da bin Ich auf dein Thema gestossen!Es 
ist immer angenehm wenn spielen und gewinnen 
zusammen geht. Da muss Ich ehrlich sein! Aber 
gewinnen ohne Spass am Spiel ist weniger schön als 
mit Spass spielen ohne zu gewinnen. Das ist 
sicher!
}  Re2+ {Genau! Lieber mit Spaß an der Freud 
einfach spielen als nur verbissen gewinnen. - 
Karpov war für mich immer ein genialer 
Schachweltmeister, aber trocken und ohne Spaß. 
Kasparov hingegen vereinte: große 
Spielfreude,Intelligen mit genialem Schachtalent.} 
 46.Kc3 {das weiss Ich nicht so genau, aber Ich 
spiele weil (und so lange) es mir Spass macht -:)} 
 Re3+ {genau! Prima Einstellung! Dann lasse uns 
noch schönen Spaß haben mit unserem Spiel! :-)}  
47.Kb4 {Das wird in diesem Spiel wohl nicht mehr 
so viel sein -:)}  Rxb3+ {Ja genau das fürchte ich 
mit Blick auf Schwarz ja auch.}  48.Kxb3 {Ich 
fürchte nicht mehr, bin mir ziemlich sicher -:)}  
g5 {- auch wieder wahr!}  49.Kc3 {-:)}  g4 50.Kd2 
Kd4 {ohoh!}  51.Ke1 {Glückliches neues Jahr!}  Ke3 
52.Kd1 g3 0-1

[Event "HCL-C4071"]
[Site "www.playchess.de"]
[Date "2006.01.07"]
[Round "19"]
[White "aussie"]
[Black "IRONMAIDEN"]
[WhiteElo "1079"]
[BlackElo "1372"]
[PlyCount "25"]
[Result "1-0"]

1.e4 {hello again}  e5 {hi, how are you?}  2.Nf3 
Nc6 3.Bb5 Nge7 4.d4 a6 5.Ba4 b5 6.Bb3 f6 7.O-O d5 
8.dxe5 fxe5 9.exd5 Na5 10.Nxe5 Bf5 11.d6 Qxd6 
12.Qxd6 Rd8 13.Bf7+ 1-0

[Event "HCL-A2471"]
[Site "www.playchess.de"]
[Date "2006.01.07"]
[Round "24"]
[White "Marius_sah"]
[Black "golddim"]
[WhiteElo "1406"]
[BlackElo "1480"]
[PlyCount "55"]
[Result "1-0"]

1.e4 {Hi. Good luck!}  e5 {Cheers!}  2.Nf3 Nc6 
3.Bb5 a6 4.Ba4 Nf6 5.O-O b5 6.Bb3 Be7 7.Re1 d6 
8.c3 O-O 9.d4 Na5 10.dxe5 dxe5 11.Qxd8 Rxd8 
12.Nbd2 Nxb3 13.Nxb3 Bd6 14.Bg5 Bg4 15.Bxf6 gxf6 
16.Nh4 Kh8 17.f3 Be6 18.Rad1 Rdg8 19.Nf5 Bxf5 
20.exf5 Rae8 21.Nd2 Rg5 22.g4 h5 23.h3 Reg8 24.Kf1 
hxg4 25.fxg4 R5g7 26.Ne4 Be7 27.Rd7 Bd8 
28.Red1 1-0

[Event "HCL-E1519"]
[Site "www.playchess.de"]
[Date "2006.01.07"]
[Round "30"]
[White "scylla"]
[Black "Emerson"]
[WhiteElo "1455"]
[BlackElo "1726"]
[PlyCount "58"]
[Result "0-1"]

1.e4 c5 2.Nf3 Nc6 3.d4 cxd4 4.Nxd4 Qb6 5.Nb3 Nf6 
6.Nc3 e6 7.Bd3 Bb4 8.Bd2 O-O 9.O-O d5 10.exd5 exd5 
11.Na4 Qc7 12.Bxb4 Nxb4 13.Nc3 Ng4 14.g3 Be6 
15.Be2 Nf6 16.a3 Nc6 17.Nb5 Qe5 18.N5d4 Rac8 
19.Nxe6 fxe6 20.c3 b6 21.Bb5 Ne4 22.Re1 Qf6 23.f4 
Qg6 24.Qf3 Ne5 25.Qd1 Nxg3 26.Rxe5 Ne4+ 27.Kf1 
Rxf4+ 28.Ke2 Qg2+ 29.Kd3 Nf2+ 0-1

[Event "HCL-B3750"]
[Site "www.playchess.de"]
[Date "2006.01.07"]
[Round "5"]
[White "SMLooking"]
[Black "bossjos"]
[WhiteElo "1457"]
[BlackElo "1279"]
[PlyCount "120"]
[Result "0-1"]

1.d4 {hi, gl}  d5 2.c4 dxc4 {hello :)}  3.Nc3 {hi, 
gl}  Nf6 4.Nf3 Bg4 5.Bg5 h6 6.Bh4 Nbd7 7.e3 e6 
8.Bxc4 Be7 9.O-O O-O 10.h3 Bh5 11.g4 Bg6 12.Bd3 
Bxd3 13.Qxd3 Nc5 14.Qc2 Ncd7 15.Rad1 c6 16.e4 Nh7 
17.Bxe7 Qxe7 18.d5 Ndf6 19.e5 Nxd5 20.Nxd5 cxd5 
21.Qd3 Ng5 22.Nxg5 Qxg5 23.f4 Qh4 24.Kh2 Rac8 
25.Rd2 Rc7 26.Qg3 Qxg3+ 27.Kxg3 Rfc8 28.Rff2 R7c1 
29.Rfg2 b5 30.a3 a5 31.h4 g6 32.f5 Re1 33.fxe6 
fxe6 34.Rge2 Rg1+ 35.Kf3 Rf8+ 36.Ke3 Rxg4 37.Reg2 
Re4+ 38.Kd3 Kg7 39.h5 Rf3+ 40.Kc2 g5 41.Kb1 Rxe5 
42.Rdc2 d4 43.Rc7+ Rf7 44.Rc6 Rd7 45.Kc2 d3+ 
46.Kd2 Kf6 47.Rf2+ Rf5 48.Rxf5+ Kxf5 49.Rc5+ Rd5 
50.Rxd5+ exd5 51.Kxd3 Ke5 52.b3 g4 53.Ke3 d4+ 
54.Kd3 g3 55.Ke2 Ke4 56.a4 bxa4 57.bxa4 d3+ 58.Ke1 
Ke3 59.Kd1 d2 60.Kc2 g2 0-1

[Event "HCL-B3650"]
[Site "www.playchess.de"]
[Date "2006.01.07"]
[Round "15"]
[White "Thrustnicely"]
[Black "Pineywoods"]
[WhiteElo "952"]
[BlackElo "1226"]
[PlyCount "82"]
[Result "0-1"]

1.e4 c5 2.c4 d6 3.g4 Nf6 4.f3 g6 5.h4 Bg7 6.d4 
cxd4 7.Qxd4 e5 8.Qd1 O-O 9.g5 Ne8 10.Qd5 Nc6 
11.Nc3 Nc7 12.Qd3 b6 13.h5 Ne6 14.h6 Bh8 15.Nb5 
Nxg5 16.Qxd6 Qxd6 17.Nxd6 Bf6 18.Bxg5 Bxg5 19.a3 
a6 20.Rd1 Nd4 21.Rd3 Rd8 22.Nxc8 Raxc8 23.Rc3 Ne6 
24.Bh3 Rc6 25.Bxe6 Rxe6 26.Rh2 Bf4 27.Rh3 Bd2+ 
28.Ke2 Bxc3 29.bxc3 Red6 30.Kf2 R6d3 31.Ne2 R3d2 
32.f4 exf4 33.Rf3 Ra2 34.Rxf4 Rdd2 35.c5 Rdxe2+ 
36.Kg3 Reg2+ 37.Kh4 Rgh2+ 38.Kg5 bxc5 39.e5 Rag2+ 
40.Rg4 Rxg4+ 41.Kxg4 Rc2 0-1

[Event "HCL-A2519"]
[Site "www.playchess.de"]
[Date "2006.01.07"]
[Round "18"]
[White "schachsky"]
[Black "yannick"]
[WhiteElo "1141"]
[BlackElo "1607"]
[PlyCount "66"]
[Result "0-1"]

1.e4 {Have a nice game!}  d6 {U2}  2.Nf3 Nf6 3.Bc4 
Nxe4 4.d3 Nf6 5.O-O d5 6.Bb3 Nc6 7.Be3 e5 8.c3 Bd6 
9.Nbd2 O-O 10.Qc2 Be6 11.Bg5 Qe7 12.Rfe1 Kh8 13.a3 
a6 14.c4 dxc4 15.dxc4 Rad8 16.Ne4 Nd4 17.Nxd4 exd4 
18.Bxf6 gxf6 19.Nxd6 Qxd6 20.Rad1 Rfe8 21.Qd3 c5 
22.Bc2 {best wishes for 2006!}  f5 {thanks same 
for you}  23.g4 Reg8 24.f3 h5 25.h3 Qg3+ 26.Kf1 
Qxh3+ 27.Kf2 Qh2+ 28.Kf1 hxg4 29.Rd2 Qh1+ 30.Kf2 
g3+ 31.Ke2 {going to an end ...}  g2 {yes let's go 
if you want}  32.Rxh1+ {not really -:)}  gxh1Q {ok 
let's go}  33.Rd1 Rg2+ 0-1

[Event "HCL-B3802"]
[Site "www.playchess.de"]
[Date "2006.01.07"]
[Round "6"]
[White "maus"]
[Black "Kannsnich"]
[WhiteElo "1310"]
[BlackElo "1206"]
[PlyCount "100"]
[Result "0-1"]

1.e4 c6 2.Nf3 d5 3.e5 Bf5 4.d4 e6 5.Bg5 Be7 6.Be3 
Nd7 7.Nc3 c5 8.Bb5 a6 9.Bxd7+ Qxd7 10.dxc5 Rc8 
11.b4 Bd8 12.O-O Ne7 13.Nd4 Bg6 14.a4 O-O 15.b5 
Rxc5 16.Qd2 Ba5 17.Ra3 Rfc8 18.Nde2 Bxc3 19.Nxc3 
R5c4 20.bxa6 bxa6 21.a5 d4 22.Ne2 R4xc2 23.Qd1 
Rxe2 24.Qxe2 dxe3 25.Qxe3 Nd5 26.Qf3 Qc7 27.Qd1 
Qxe5 28.Qf3 Qe4 29.Qb3 Qc2 30.Qf3 h6 31.Raa1 Qd3 
32.Qg4 {(offering draw)}  Qb5 {sorry i think i can 
win}  33.Qd1 {yes,you can,but....}  Nc3 34.Qd2 Nd5 
35.Rfc1 Rxc1+ 36.Qxc1 Qd3 37.Ra3 Qc2 38.Qe1 Qb1 
39.Qxb1 Bxb1 40.Rb3 Bc2 41.Rb8+ Kh7 42.Ra8 Bd3 
43.Ra7 Kg6 44.Rd7 Bb5 45.Rb7 Nb4 46.Rb6 Nc6 47.Rb7 
Nxa5 48.Rc7 Nc6 49.Rd7 Kf6 50.Rd2 
a5 0-1

[Event "HCL-C3970"]
[Site "www.playchess.de"]
[Date "2006.01.07"]
[Round "5"]
[White "Mercator"]
[Black "kek"]
[WhiteElo "1035"]
[BlackElo "703"]
[PlyCount "68"]
[Result "0-1"]

1.e4 {Nice game to you}  e6 2.d4 d5 3.Nc3 Nf6 4.e5 
Nfd7 5.Nf3 c5 6.Be2 Nc6 7.O-O Be7 8.a3 Nb6 9.dxc5 
Bxc5 10.b4 Be7 11.Bb2 Nc4 12.Bxc4 dxc4 13.Qxd8+ 
Bxd8 14.Rfd1 O-O 15.Rd2 a6 16.Rad1 b5 17.Nd4 Bb7 
18.Nxc6 Bxc6 19.f3 Bb6+ 20.Kf1 Rfd8 21.R2xd8+ Bxd8 
22.Rd6 Bb7 23.a4 bxa4 24.Nxa4 a5 25.bxa5 Bxa5 
26.Bc3 Bc7 27.Rd7 Rc8 28.Nb6 Bc6 29.Nxc8 Bxd7 
30.Na7 Bb6 31.Ke2 Bxa7 32.h4 h5 33.g4 hxg4 34.fxg4 
Ba4 0-1

[Event "ACL-B026"]
[Site "www.playchess.de"]
[Date "2006.01.07"]
[Round "16"]
[White "hal1958"]
[Black "Fred31"]
[WhiteElo "1381"]
[BlackElo "1575"]
[PlyCount "63"]
[Result "1-0"]

1.b4 {hi, it has been a long time ago that we 
played some games. hope you will enjoy this one}  
e5 {Hi...I hope...to win...may be...}  2.Bb2 
{again? ;-)}  d6 3.e3 Nf6 4.Nf3 Bd7 5.c4 c6 6.a4 
Be7 7.Be2 h6 8.O-O Qc8 9.d3 O-O 10.Nbd2 Bg4 11.Nb3 
Bxf3 12.Bxf3 Rd8 13.b5 c5 14.h3 Nbd7 15.a5 Nf8 
16.a6 b6 17.Bxa8 Qxa8 18.Nd2 Ng6 19.Qf3 Qxf3 
20.Nxf3 Nh7 21.Rad1 Bf6 22.Nd2 Ng5 23.f4 exf4 
24.Bxf6 gxf6 25.exf4 Nh7 26.g4 Nh4 27.Rde1 f5 
28.Re7 Kf8 29.Rxa7 fxg4 30.hxg4 Re8 31.Ne4 Rd8 
32.Rb7 1-0

[Event "HCL-C4006"]
[Site "www.playchess.de"]
[Date "2006.01.07"]
[Round "7"]
[White "Jerry2005"]
[Black "rad"]
[WhiteElo "1429"]
[BlackElo "800"]
[PlyCount "55"]
[Result "1-0"]

1.e4 {nice game, rad}  e5 2.Nf3 Nc6 3.Bc4 Nf6 4.d3 
Bc5 5.Nc3 Ng4 6.O-O Na5 7.h3 Nxc4 8.dxc4 Nh6 
9.Bxh6 gxh6 10.Nxe5 Qf6 11.Ng4 Qf4 12.Nd5 Qd6 
13.e5 Qc6 14.b4 Bf8 15.Qf3 Qxc4 16.Qf6 Rg8 17.Nxh6 
Rg7 18.Rad1 Qxc2 19.Rfe1 d6 20.exd6+ Be6 21.Nxc7+ 
Kd7 22.Nxe6 fxe6 23.Qxe6+ Kc6 24.Rdc1 Qxc1 
25.Rxc1+ Kb6 26.d7+ Kb5 27.Qd5+ Kb6 
28.Qa5+ 1-0

[Event "HCL-C3968"]
[Site "www.playchess.de"]
[Date "2006.01.07"]
[Round "6"]
[White "garden"]
[Black "perugia"]
[WhiteElo "1128"]
[BlackElo "1146"]
[PlyCount "54"]
[Result "0-1"]

1.e4 c5 2.d4 cxd4 3.Qxd4 Nc6 4.Qc3 e5 5.Bb5 Bb4 
6.Bxc6 Bxc3+ 7.Nxc3 dxc6 8.Be3 Be6 9.Rd1 Qa5 
10.Bd2 Nf6 11.Nd5 Qd8 12.Nb4 O-O 13.Bg5 Qe7 14.Nf3 
Qxb4+ 15.Bd2 Qxe4+ 16.Be3 Bc4 17.Nd2 Qxg2 18.Rf1 
Bxf1 19.Nxf1 Nd5 20.Rd2 f5 21.f4 Qe4 22.Kf2 Nxf4 
23.Bxf4 Qxf4+ 24.Ke1 e4 25.Rf2 Qc1+ 26.Ke2 Rad8 
27.Rg2 Qxc2+ 0-1

[Event "HCL-C3986"]
[Site "www.playchess.de"]
[Date "2006.01.07"]
[Round "5"]
[White "hun"]
[Black "ivofle"]
[WhiteElo "1271"]
[BlackElo "795"]
[PlyCount "71"]
[Result "1-0"]

1.e4 {hi, ivofle!  :)}  e5 2.d4 Nc6 3.d5 Nb4 4.c3 
Na6 5.Bxa6 bxa6 6.Nf3 d6 7.Bg5 f6 8.Be3 Ne7 9.h3 
a5 10.O-O h6 11.Qa4+ Bd7 12.Qxa5 Nc8 13.Na3 Be7 
14.Nb5 Nb6 15.b3 O-O 16.Nh4 Qe8 17.Nxa7 Qh5 18.Nf5 
Bxf5 19.exf5 Qxf5 20.Bxb6 cxb6 21.Qxb6 Kh7 22.Nc6 
Bd8 23.Nxd8 Raxd8 24.c4 Rde8 25.Qxd6 Qg5 26.a4 e4 
27.Rae1 Kg6 28.Qc5 Kh5 29.Kh2 Qf4+ 30.g3 Qg5 
31.Qe3 Qf5 32.g4+ Qxg4 33.hxg4+ Kh4 34.Qh3+ Kg5 
35.Qh5+ Kf4 36.Qf5+ 1-0

[Event "HCL-B3713"]
[Site "www.playchess.de"]
[Date "2006.01.07"]
[Round "14"]
[White "scotty4u"]
[Black "GCP"]
[WhiteElo "1318"]
[BlackElo "1477"]
[PlyCount "107"]
[Result "1/2-1/2"]

1.e4 d6 2.Bc4 Nf6 3.Nc3 c6 4.d4 b5 5.Bd3 Qc7 6.Nf3 
g6 7.O-O Bg7 8.h3 a5 9.Ne2 Ba6 10.Bf4 Nbd7 11.Rc1 
O-O 12.e5 Nd5 13.Bd2 dxe5 14.dxe5 Nxe5 15.Nfd4 
Nxd3 16.cxd3 Bb7 17.b3 b4 18.g3 Rad8 19.Be3 Nxe3 
20.fxe3 Bxd4 21.exd4 Rxd4 22.Nxd4 Qxg3+ 23.Kh1 
Qxh3+ 24.Kg1 Qg3+ 25.Kh1 Qh4+ 26.Kg2 Qxd4 27.Rf2 
c5+ 28.Kf1 Qd5 29.Ke1 Qh1+ 30.Kd2 Qxd1+ 31.Rxd1 
Rd8 32.Re1 e6 33.Re5 Rd5 34.Re3 Ba6 35.Kc2 Kg7 
36.Rd2 e5 37.Re4 f5 38.Re1 Kf6 39.Rh1 h5 40.Rh4 
Kg5 41.Rh1 Bb7 42.Rg1+ Kf6 43.Rdg2 e4 44.R2xg6+ 
Ke5 45.dxe4 fxe4 46.R6g5+ Kd6 47.Rxd5+ Bxd5 48.Rh1 
Bf7 49.Kd2 Kd5 50.Ke3 Bg6 51.Rg1 Be8 52.Rg5+ Kc6 
53.Kxe4 Bf7 54.Kd3 {(offering draw)} 
 1/2-1/2

[Event "HCL-B3685"]
[Site "www.playchess.de"]
[Date "2006.01.07"]
[Round "10"]
[White "jpv"]
[Black "JMD"]
[WhiteElo "1236"]
[BlackElo "1362"]
[PlyCount "77"]
[Result "1-0"]

1.e4 {Hello and good luck :)}  e5 {hello from 
Paris}  2.Nf3 {Hello from Eugene, Oregon :)}  Nf6 
3.d4 Nxe4 4.Nxe5 d6 5.Nf3 Qe7 6.Be2 d5 7.O-O Nd7 
8.Bf4 Nb6 9.Nbd2 Bf5 10.c4 c5 11.dxc5 Qxc5 12.cxd5 
Nxd2 13.Qxd2 Qxd5 14.Qxd5 Nxd5 15.Bd2 O-O-O 
16.Rac1+ Kb8 17.Bc4 Be7 18.Bxd5 Rxd5 19.Bf4+ Ka8 
20.Rc7 Bd6 21.Bxd6 Rxd6 22.Rxf7 g6 23.h3 h6 24.Re1 
Rhd8 25.Ree7 Bc8 26.Rfh7 R6d1+ 27.Kh2 h5 28.Ne5 
R1d2 29.f4 Rxb2 30.Nxg6 Rdd2 31.Nh4 Rd3 32.Rxh5 
Rxh3+ 33.Kg1 Rb1+ 34.Kf2 Rb2+ 35.Re2 Rxe2+ 36.Kxe2 
Ra3 37.Rh8 Kb8 38.Nf5 Rxa2+ 39.Kf3 1-0

[Event "HCL-E1487"]
[Site "www.playchess.de"]
[Date "2006.01.07"]
[Round "18"]
[White "Chascarrillo"]
[Black "pruliere"]
[WhiteElo "2037"]
[BlackElo "1818"]
[PlyCount "56"]
[Result "0-1"]

1.e4 {Hello from Seattle.}  g6 {same from Nice, 
France}  2.d4 Bg7 3.c4 d6 4.Nc3 c5 5.d5 Nf6 6.Nf3 
O-O 7.h3 Nbd7 8.Bd3 e5 9.g4 Qa5 10.Bd2 a6 11.O-O 
Qd8 12.Ne2 b5 13.cxb5 axb5 14.Bxb5 Nxe4 15.Bc6 Rb8 
16.Nc3 Nxd2 17.Qxd2 e4 18.Nxe4 Rxb2 19.Qf4 Ne5 
20.Nxe5 Bxe5 21.Qh6 Bg7 22.Qf4 Rb4 23.Rab1 f5 
24.Rxb4 fxe4 25.Qxe4 cxb4 26.Qxb4 h5 27.Qe4 hxg4 
28.hxg4 Qh4 0-1

[Event "HCL-A2524"]
[Site "www.playchess.de"]
[Date "2006.01.07"]
[Round "1"]
[White "Enibus"]
[Black "antoniocastro"]
[WhiteElo "1700"]
[BlackElo "1800"]
[PlyCount "28"]
[Result "0-1"]

1.e3 Nf6 2.Bd3 e5 3.Nh3 d5 4.Nc3 Nc6 5.e4 Nb4 
6.Bf1 d4 7.Nb5 a6 8.Na3 Nxe4 9.c3 Nc6 10.f3 Nf6 
11.cxd4 Nxd4 12.Bd3 Bc5 13.Nc2 {Muestra lo que 
sabes cabron!!}  Bxh3 14.gxh3 Nh5 0-1

[Event "HCL-C3952"]
[Site "www.playchess.de"]
[Date "2006.01.07"]
[Round "10"]
[White "JRockne"]
[Black "tusnelda"]
[WhiteElo "1054"]
[BlackElo "1112"]
[PlyCount "90"]
[Result "0-1"]

1.e4 e5 2.Nf3 Nc6 3.Nc3 Bb4 4.a3 Ba5 5.Bc4 d6 6.d3 
Bg4 7.h3 Bh5 8.O-O Nd4 9.g4 Nxf3+ 10.Qxf3 Bg6 
11.Kg2 Qh4 12.Rh1 Bb6 13.Qg3 Qf6 14.Nd5 Qd8 
15.Nxb6 axb6 16.h4 h6 17.h5 Bh7 18.Qf3 Nf6 19.Rh3 
Qc8 20.Bxh6 Qxg4+ 21.Qxg4 Nxg4 22.Rg3 Nxh6 23.Rxg7 
Kf8 24.Rg3 Rg8 25.Rxg8+ Bxg8 26.f3 f6 27.Bxg8 Kxg8 
28.Rg1 Kh7 29.Kf2 Rf8 30.Ke2 f5 31.c3 fxe4 32.fxe4 
c6 33.Rf1 Rg8 34.Rf6 Rd8 35.Kf3 Kg7 36.Rg6+ Kh7 
37.d4 Nf7 38.Kg4 b5 39.b3 exd4 40.cxd4 c5 41.d5 
Ne5+ 42.Kf5 Nxg6 43.hxg6+ Kg7 44.Kg5 Rf8 45.b4 
c4 0-1

[Event "HCL-E1464"]
[Site "www.playchess.de"]
[Date "2006.01.08"]
[Round "21"]
[White "gambitfan"]
[Black "Andy1"]
[WhiteElo "1395"]
[BlackElo "1487"]
[PlyCount "58"]
[Result "0-1"]

1.e4 d5 2.exd5 Nf6 3.d4 Nxd5 4.Nf3 Bg4 5.h3 Bh5 
6.g4 Bg6 7.Ne5 Qd6 8.Nxg6 Qxg6 9.Bg2 c6 10.c3 e6 
11.O-O Bd6 12.Re1 O-O 13.a3 Nf4 14.Bxf4 Bxf4 
15.Nd2 Nd7 16.Ne4 f5 17.Nc5 Nxc5 18.dxc5 Rad8 
19.Qb3 Rde8 20.Qxb7 fxg4 21.hxg4 Qxg4 22.Qxc6 e5 
23.Qf3 Bh2+ 24.Kxh2 Rxf3 25.Bxf3 Qxf3 26.Kg1 Re6 
27.Re3 Rg6+ 28.Kf1 Qh1+ 29.Ke2 
Qxa1 0-1

[Event "HCL-B3700"]
[Site "www.playchess.de"]
[Date "2006.01.08"]
[Round "7"]
[White "jjn2"]
[Black "Gideon"]
[WhiteElo "1735"]
[BlackElo "1101"]
[PlyCount "73"]
[Result "1-0"]

1.e4 e5 2.Nf3 Nc6 3.Bb5 a6 4.Ba4 b5 5.Bb3 Nf6 
6.O-O Nxe4 7.Re1 d5 8.Nc3 Be6 9.Nxe4 dxe4 10.Bxe6 
exf3 11.Qxf3 fxe6 12.Qxc6+ Kf7 13.d4 Bd6 14.dxe5 
Be7 15.Qf3+ Ke8 16.Rd1 Qb8 17.Qg4 Qb6 18.Be3 c5 
19.Qxg7 Rf8 20.Qxh7 Qc7 21.Qg6+ Rf7 22.Qxe6 a5 
23.Qg6 Qxe5 24.Qc6+ Kf8 25.Qxa8+ Kg7 26.c3 a4 
27.Rd5 Qc7 28.Rh5 Bf8 29.Rg5+ Kh8 30.Bxc5 Qb7 
31.Qd8 Kh7 32.Qd3+ Kh8 33.Qh3+ Rh7 34.Bd4+ Bg7 
35.Bxg7+ Kg8 36.Qe6+ Qf7 37.Qc8+ 1-0

[Event "HCL-B3811"]
[Site "www.playchess.de"]
[Date "2006.01.08"]
[Round "6"]
[White "djpnola"]
[Black "maus"]
[WhiteElo "1173"]
[BlackElo "1315"]
[PlyCount "82"]
[Result "0-1"]

1.f4 {Hello.}  e6 {hello!}  2.Nf3 Nf6 3.Nc3 d5 
4.d4 c5 5.e3 Qa5 6.Bd2 Qb6 7.Bb5+ Bd7 8.Bxd7+ 
Nbxd7 9.O-O Qxb2 10.Na4 Qb5 11.c3 Qc6 12.Ne5 Nxe5 
13.fxe5 Ne4 14.Nxc5 Bxc5 15.dxc5 Qxc5 16.Qa4+ b5 
17.Qd1 Nxc3 18.Bxc3 Qxe3+ 19.Rf2 Qxc3 20.Qf1 O-O 
21.Rc1 Qxe5 22.Re1 Qd4 23.a3 a6 24.Rc1 b4 25.axb4 
Qxb4 26.Rc7 Qd4 27.Kh1 Ra7 28.Rxa7 Qxa7 29.h4 a5 
30.h5 h6 31.g4 Qe7 32.Qa1 Qh4+ 33.Rh2 Qxg4 34.Qxa5 
f5 35.Qe1 f4 36.Rg2 Qxh5+ 37.Rh2 Qe8 38.Qg1 Rf6 
39.Qg4 Qg6 40.Qxg6 Rxg6 41.Rf2 
e5 0-1

[Event "HCL-B3775"]
[Site "www.playchess.de"]
[Date "2006.01.08"]
[Round "9"]
[White "coca"]
[Black "pytolo98"]
[WhiteElo "1167"]
[BlackElo "1285"]
[PlyCount "54"]
[Result "0-1"]

1.e4 {gl}  e5 {good luck}  2.Nf3 Nc6 3.Bb5 {u 2}  
a6 4.Bxc6 dxc6 5.Nc3 Bg4 6.d3 Bb4 7.Bd2 Bxc3 
8.Bxc3 f6 9.h3 Bxf3 10.Qxf3 Qd6 11.O-O-O Ne7 
12.Qh5+ g6 13.Qf3 O-O 14.g4 b5 15.h4 b4 16.Bd2 a5 
17.b3 a4 18.Qe3 c5 19.f4 axb3 20.cxb3 Rxa2 21.Kb1 
Rfa8 22.Rdc1 R2a1+ 23.Kc2 exf4 24.Qf3 Rxc1+ 
25.Rxc1 Nc6 26.Bxf4 Qe6 27.e5 Nd4+ 0-1

[Event "HCL-C4027"]
[Site "www.playchess.de"]
[Date "2006.01.08"]
[Round "5"]
[White "longino"]
[Black "Innessa"]
[WhiteElo "1142"]
[BlackElo "843"]
[PlyCount "28"]
[Result "0-1"]

1.c4 e5 {Hi !  Good luck !}  2.e3 Nf6 3.a3 c5 4.d3 
Bd6 5.g3 O-O 6.Bg2 Nc6 7.Nc3 a5 8.Nge2 Rb8 9.O-O 
Ne7 10.Nb5 Qb6 11.Nxd6 Qxd6 12.d4 cxd4 13.exd4 
exd4 14.Bf4 Qb6 0-1

[Event "HCL-C4058"]
[Site "www.playchess.de"]
[Date "2006.01.08"]
[Round "8"]
[White "cbauer"]
[Black "IRONMAIDEN"]
[WhiteElo "800"]
[BlackElo "1432"]
[PlyCount "70"]
[Result "0-1"]

1.Nf3 d5 2.d4 Nc6 3.b3 g6 4.c3 Bg7 5.Bb2 Nf6 6.b4 
O-O 7.b5 Na5 8.Qa4 b6 9.h4 Nc4 10.Bc1 Bf5 11.Nbd2 
Nxd2 12.Bxd2 Ne4 13.Bf4 Nxc3 14.Qc2 Ne4 15.Bxc7 
Qd7 16.Be5 Qxb5 17.e3 Qb4+ 18.Ke2 Rac8 19.Qd1 Nc3+ 
20.Ke1 Nxd1+ 21.Kxd1 Qa4+ 22.Ke1 Rc2 23.Be2 Rfc8 
24.Bd1 Qb4+ 25.Kf1 R2c1 26.Rxc1 Rxc1 27.Ke2 Qb2+ 
28.Nd2 Qxa2 29.h5 Bxe5 30.f4 Bg4+ 31.Ke1 Rxd1+ 
32.Kf2 Qxd2+ 33.Kg3 Qxe3+ 34.Kxg4 Qxf4+ 35.Kh3 
Rxh1+ 0-1

[Event "HCL-C4066"]
[Site "www.playchess.de"]
[Date "2006.01.08"]
[Round "10"]
[White "IRONMAIDEN"]
[Black "tbouma"]
[WhiteElo "1397"]
[BlackElo "1163"]
[PlyCount "70"]
[Result "0-1"]

1.e4 c5 {hello, again - let's have a good game!}  
2.Bc4 {hi, yes the first good game this year}  d6 
3.d3 Nc6 4.Nf3 e5 5.Ng5 Nh6 6.O-O Be7 7.Nf3 Bg4 
8.Nbd2 Nd4 9.c3 Nxf3+ 10.Nxf3 O-O 11.Qe2 Qd7 
12.Qe3 Kh8 13.g3 Bxf3 14.Qxf3 Qh3 15.Qg2 Qxg2+ 
16.Kxg2 Ng4 17.b3 h6 18.f3 Nf6 19.Rb1 Rad8 20.a3 
d5 21.exd5 Nxd5 22.Bd2 Nf6 23.Be3 a6 24.b4 b5 
25.Bxb5 axb5 26.Bxc5 Bxc5 27.bxc5 Rxd3 28.Rxb5 
Rxc3 29.Ra1 Rc2+ 30.Kh3 Rd8 31.a4 Rc3 32.a5 Rxf3 
33.a6 Rf2 34.a7 g5 35.Rb8 g4+ {i think this is 
forced mate - ...Kh4, Rxh2#}  0-1

[Event "HCL-M847"]
[Site "www.playchess.de"]
[Date "2006.01.08"]
[Round "8"]
[White "Lan"]
[Black "temple"]
[WhiteElo "2038"]
[BlackElo "1754"]
[PlyCount "35"]
[Result "1-0"]

1.e4 {hi from Slovenia:)}  d5 2.exd5 Nf6 3.d4 Nxd5 
4.c4 Nf6 5.Nf3 e6 6.Nc3 g6 7.Be2 Bg7 8.O-O O-O 
9.Re1 b6 10.Ne5 Bb7 11.Bf3 Bxf3 12.Qxf3 Nbd7 
13.Nc6 Qe8 14.Bf4 e5 15.Bxe5 Nxe5 16.dxe5 Ng4 
17.Nd5 Nxe5 18.Nxe5 1-0

[Event "HCL-A2509"]
[Site "www.playchess.de"]
[Date "2006.01.08"]
[Round "34"]
[White "HOTSUN"]
[Black "taroak"]
[WhiteElo "1626"]
[BlackElo "1399"]
[PlyCount "73"]
[Result "1-0"]

1.e4 {hi again}  c5 {Howdy}  2.Nf3 g6 3.b3 Bg7 
4.Nc3 Nc6 5.Bb2 d6 6.Bb5 Bd7 7.h3 a6 8.Bxc6 Bxc6 
9.d3 b5 10.O-O e5 11.Re1 Ne7 12.Bc1 O-O 13.Bd2 f5 
14.Bg5 f4 15.Bxe7 Qxe7 16.Nd5 Bxd5 17.exd5 g5 
18.c4 h5 19.Nd2 Qe8 20.Ne4 Qg6 21.a3 g4 22.hxg4 
hxg4 23.Kf1 f3 24.gxf3 gxf3 25.Ng3 Bh6 26.Qc2 Qg4 
27.Re4 Qh3+ 28.Ke1 Bf4 29.Nf1 Ra7 30.Ne3 Qh1+ 
31.Nf1 Rg7 32.d4 {(offering draw)}  Rg1 33.Qd3 Rf7 
34.dxe5 Bxe5 35.Rc1 Rfg7 36.cxb5 Rxf1+ 
37.Qxf1 1-0

[Event "HCL-C4060"]
[Site "www.playchess.de"]
[Date "2006.01.08"]
[Round "8"]
[White "Farquhart"]
[Black "IRONMAIDEN"]
[WhiteElo "592"]
[BlackElo "1406"]
[PlyCount "74"]
[Result "0-1"]

1.e4 e5 2.d3 Nc6 3.Nf3 b6 4.Nc3 Bb4 5.a3 Bxc3+ 
6.bxc3 d6 7.Rb1 Nf6 8.h4 d5 9.exd5 Nxd5 10.Bg5 f6 
11.Bd2 O-O 12.c4 Nf4 13.Nh2 Bb7 14.Ng4 Nd4 15.Bb4 
Rf7 16.c3 Nc6 17.g3 Ng6 18.Bg2 a5 19.Bxa5 Rxa5 
20.c5 Rxc5 21.Rb3 Ba8 22.Qf3 Rd7 23.Bf1 Na5 24.Qf5 
Nxb3 25.h5 Ne7 26.Nxf6+ gxf6 27.Qg4+ Kh8 28.Qh4 
Nf5 29.Qg4 Nh6 30.Qb4 Bxh1 31.Qxb3 {was waiting 
for that
}  Bd5 {for what?}  32.Qd1 Be4 33.Qa4 Bxd3 34.Bxd3 
Rxd3 35.c4 Ng4 36.Qc2 Qd4 37.Qa4 
Qxf2+ 0-1

[Event "HCL-C4073"]
[Site "www.playchess.de"]
[Date "2006.01.08"]
[Round "10"]
[White "Farquhart"]
[Black "IRONMAIDEN"]
[WhiteElo "583"]
[BlackElo "1354"]
[PlyCount "60"]
[Result "0-1"]

1.e4 e5 2.Nf3 Nc6 3.d3 d6 4.Nc3 Nf6 5.Rb1 Bg4 6.h3 
Bxf3 7.gxf3 Nd4 8.Be3 c5 9.Nb5 a6 10.Nxd4 cxd4 
11.Bd2 d5 12.exd5 Nxd5 13.Bg5 f6 14.Bd2 Bc5 15.c3 
O-O 16.Rg1 Nf4 17.Bxf4 exf4 18.cxd4 Bxd4 19.Qb3+ 
Kh8 20.Qxb7 Re8+ 21.Be2 Re7 22.Qb4 Rb8 23.Qa3 Rb6 
24.Rg4 Rbe6 25.Rxf4 R6xe2+ 26.Kf1 Rxf2+ 27.Kg1 
Rxf3+ 28.Rxd4 Qxd4+ 29.Kg2 Qf2+ 30.Kh1 
Rxh3+ 0-1